书目信息 |
| 题名: |
生活化妆与影视化装知识100问
|
|
| 作者: | 潘桃 , 冰山 编 | |
| 分册: | ||
| 出版信息: | 北京 华乐出版社 2003 |
|
| 页数: | 98页 | |
| 开本: | 18cm | |
| 丛书名: | 金钥匙知识百问丛书 | |
| 单 册: | ||
| 中图分类: | J917 , TS974.1 | |
| 科图分类: | ||
| 主题词: | 电影化妆技术 , 化妆 , 化妆--基本知识 , 电影化妆技术 | |
| 电子资源: | ||
| ISBN: | 7-80129-098-4 | |
| 000 | 00978oam2 2200301 450 | |
| 001 | 002571185 | |
| 005 | 20070805171010.01 | |
| 010 | @a7-80129-098-4@dCNY9.90 | |
| 100 | @a20040204d2003 em y0chiy0110 ea | |
| 101 | 0 | @achi |
| 102 | @aCN@b110000 | |
| 105 | @aa z 000yy | |
| 200 | 1 | @a生活化妆与影视化装知识100问@9sheng huo hua zhuang yu ying shi hua zhuang zhi shi 100 wen@f潘桃,冰山编 |
| 210 | @a北京@c华乐出版社@d2003 | |
| 215 | @a98页@c照片@d18cm | |
| 225 | 2 | @a金钥匙知识百问丛书@i艺术篇 |
| 330 | @a本书分为两篇,生活化妆篇和影视化装篇。本书采用问答形式,对“如何使用粉底”、“什么是娱乐休闲妆”等100个问题作了解答。 | |
| 462 | 0 | @12001 @a金钥匙知识百问丛书@i艺术篇 |
| 606 | 0 | @a电影化妆技术 |
| 606 | 0 | @a化妆 |
| 606 | 0 | @a化妆@x基本知识 |
| 606 | 0 | @a电影化妆技术 |
| 690 | @aJ917@v4 | |
| 690 | @aTS974.1@v4 | |
| 701 | 0 | @a潘桃@9pan tao@4编 |
| 701 | 0 | @a冰山@9bing shan@c(化妆美容)@4编 |
| 801 | 0 | @aCN@bNLC@c20070805 |
| 905 | @a10447@dTS974.1@e275 | |
| 生活化妆与影视化装知识100问/潘桃,冰山编.-北京:华乐出版社,2003 |
| 98页:照片;18cm.-(金钥匙知识百问丛书.艺术篇) |
| ISBN 7-80129-098-4:CNY9.90 |
| 本书分为两篇,生活化妆篇和影视化装篇。本书采用问答形式,对“如何使用粉底”、“什么是娱乐休闲妆”等100个问题作了解答。 |
| ● |
| 相关链接 |
|
|
|
|
正题名:生活化妆与影视化装知识100问
索取号:TS974.1/275
 
预约/预借
| 序号 | 登录号 | 条形码 | 馆藏地/架位号 | 状态 | 备注 |
| 1 | 0808867 | 208088674 | 第二样本阅览室/ [索取号:TS974.1/275] | 在馆 | |
| 2 | 0808868 | 208088683 | 第三借阅区/ [索取号:TS974.1/275] | 在馆 | |
| 3 | 0808869 | 208088692 | 第三借阅区/ [索取号:TS974.1/275] | 在馆 | |
| 4 | 0808870 | 208088709 | 第三借阅区/ [索取号:TS974.1/275] | 在馆 | |
| 5 | 0808871 | 208088718 | 第三借阅区/ [索取号:TS974.1/275] | 在馆 |